| 000 | 00000nam##2200000za#4500 |
| 001 | 9.696908 |
| 003 | CaOODSP |
| 005 | 20210624235239 |
| 007 | cr ||||||||||| |
| 008 | 150407|2006||||xxc|||||o f|0| 0 eng|d |
| 040 | |aCaOODSP|beng |
| 043 | |an-cn--- |
| 086 | 1 |aH128-1/06-480E-PDF |
| 110 | 1 |aCanada. |bHealth Canada. |
| 245 | 10|aState of the science report for a screening health assessment - Polybrominated Diphenyl Ethers (PBDEs) (Tetra-, Penta, Hexa-, Hepta-, Octa-, Nona- and Deca- Congeners)[CAS Nos. 40088-47-9, 32534-81-9, 36483-60-0, 68928-80-3, 32536-52-0, 63936-56-1, 1163-19-5] |h[electronic resource] |
| 260 | |aOttawa - Ontario : |bHealth Canada |cc2006. |
| 300 | |a39p.|breferences, tables |
| 500 | |aThe catalogue number (H128-1/06-480E) and ISBN (0-662-43970-8) for the print edition have been incorrectly copied in this electronic publication. |
| 590 | |a12-42-Supp|b2012-11-21 |
| 775 | 08|tRapport sur l'état des connaissances scientifiques sous-jacentes à une évaluation préalable des effets sur la santé - Polybromodiphényléthers (PBDE) (congénères tétra-, penta-, hexa-, hepta-, octa-, nona- et déca-)[numéros CAS 40088-47-9, 32534-81-9, 36483- 60-0, 68928-80-3, 32536-52-0, 63936-56-1, 1163- 19-5] |w(CaOODSP)9.640988 |
| 856 | 40|ahttp://publications.gc.ca|qPDF|s592 KB|uhttps://publications.gc.ca/collections/collection_2012/sc-hc/H128-1-06-480-eng.pdf |
| 986 | |aHC Pub.: 4436 |